| 000 | 00692nam a2200205Ia 4500 | ||
|---|---|---|---|
| 003 | GCL | ||
| 008 | 140319s9999 xx 000 0 ara d | ||
| 040 |
_aGCL / _cGCL |
||
| 082 | 0 | 4 |
_a522.109 _bع ا |
| 100 | 1 | _aعلى عبدالله الدفاع | |
| 245 | 1 | 0 |
_aاثر علماء العرب والمسلمين فى تطوير علم الفلك / _cعلى عبدالله الدفاع |
| 300 | _a174 ص | ||
| 490 | _a | ||
| 650 | 0 | 4 | _aالحضارة العربية الاسلامية - المعارف البحرية |
| 650 | 0 | 4 | _aالفلك |
| 650 | 0 | 4 | _aالعلوم عند العرب |
| 650 | 0 | 4 | _aالعلماء العرب |
| 650 | 0 | 4 | _aالفلكيون العرب |
| 942 |
_2ddc _cBK |
||
| 999 |
_c40955 _d40955 |
||